Krampack /
Saved in:
| 其他作者: | , , , , , |
|---|---|
| 格式: | |
| 語言: | 意大利语 西班牙语 |
| 出版: |
Campi Bisenzio :
Cecchi Gori home video,
c2009
|
| 標簽: |
沒有標簽, 成為第一個標記此記錄!
|
MARC
| LEADER | 00000ngm a22000007i 4500 | ||
|---|---|---|---|
| 001 | IT\ICCU\MOD\1566709 | ||
| 003 | ItRI | ||
| 005 | 20260124182853.0 | ||
| 008 | 100410s2009 it |||||||||||||||k|||||c | ||
| 028 | 4 | 2 | |a PSV20321 |
| 040 | |b ita | ||
| 041 | 7 | |a ita |a spa |2 ISO-639-2 | |
| 130 | 0 | |a Krampack <film ; 2000> |3 IT\ICCU\CAG\0917205 | |
| 245 | 0 | 0 | |a Krampack / |c regia Cesc Gay ; sceneggiatura Cesc Gay e Tomas Aragay, tratto dall'omonima commedia di Jordi Sanchez. |
| 260 | |a Campi Bisenzio : |b Cecchi Gori home video, |c c2009 | ||
| 300 | |a 1 DVD video (ca. 90 min.) | ||
| 500 | |a Caratteristiche tecniche: codice area 2; formato video: 1.85:1 letterbox; audio: Dolby Digital 2.0 | ||
| 500 | |a Tit. del contenitore | ||
| 500 | |a Produzione cinematografica: Spagna, 2000 | ||
| 500 | |a Interpreti: Fernando Ramallo, Jordi Vilches, Marieta Orozco | ||
| 500 | |a Lingue: italiano, spagnolo; sottotitoli in italiano | ||
| 500 | |a Contenuti speciali: backstage (versione originale), trailer italiano, galleria fotografica, biografia del regista | ||
| 500 | |a Vietato ai minori di 14 anni. | ||
| 700 | 1 | |a Vilches, Jordi |0 IT\ICCU\MODV\641848 | |
| 700 | 1 | |a Gay, Cesc |0 IT\ICCU\UBOV\595975 |4 drt | |
| 700 | 1 | |a Sanchez, Jordi |0 IT\ICCU\UBOV\595976 | |
| 700 | 1 | |a Ramallo, Fernando |0 IT\ICCU\UBOV\595977 | |
| 700 | 1 | |a Orozco, Marieta |0 IT\ICCU\UBOV\972126 | |
| 700 | 1 | |a Aragay, Tomas |0 IT\ICCU\USMV\816605 |4 sce | |
| 790 | 1 | |a Ramallo Fernández, Fernando |3 IT\ICCU\PUVV\484860 |z Ramallo, Fernando | |
| 790 | 1 | |a Ramallo, Fernandez |3 IT\ICCU\SBNV\122300 |z Ramallo, Fernando | |
| 790 | 1 | |a Orozco, Maria |3 IT\ICCU\UBOV\005084 |z Orozco, Marieta | |
| 942 | |2 ddc |c VM |n 0 | ||
| 952 | |0 0 |1 0 |4 0 |6 VO_1875_000000000000000 |7 0 |9 27298 |a BO |b BO |d 2026-01-24 |i 14898 |l 0 |o VO 1875 |p BO14898 |r 2026-01-24 18:28:53 |w 2026-01-24 |x [Sebina 5] [1 dvd] |y VM |z 1 dvd | ||
| 999 | |c 23113 |d 23113 | ||